Sociology (Record no. 1312561)

MARC details
000 -LEADER
fixed length control field 00470nam a2200193Ia 4500
005 - DATE AND TIME OF LATEST TRANSACTION
control field 20250530170234.0
008 - FIXED-LENGTH DATA ELEMENTS--GENERAL INFORMATION
fixed length control field 008 250505s9999 xx 000 0 eng d
020 ## - INTERNATIONAL STANDARD BOOK NUMBER
International Standard Book Number 9788126568161
040 ## - CATALOGING SOURCE
Language of cataloging eng
Transcribing agency ILCL
041 ## - LANGUAGE CODE
Language code of text/sound track or separate title eng
Source of code eng
084 ## - COLON CLASSIFICATION NUMBER
Classification number Y Q7
100 ## - MAIN ENTRY--PERSONAL NAME
Personal name Giddens,Anthony
245 #0 - TITLE STATEMENT
Title Sociology
250 ## - EDITION STATEMENT
Edition statement 8
260 ## - PUBLICATION, DISTRIBUTION, ETC.
Place of publication, distribution, etc. New Delhi
Name of publisher, distributor, etc. Wiley India
Date of publication, distribution, etc. 2017
300 ## - PHYSICAL DESCRIPTION
Extent 1130p.
700 ## - ADDED ENTRY--PERSONAL NAME
Personal name Sutton,Philip W.
942 ## - ADDED ENTRY ELEMENTS (KOHA)
Koha item type Textbook
Source of classification or shelving scheme
999 ## -
-- 1312561
-- 1312561
Holdings
Withdrawn status Lost status Damaged status Not for loan Home library Current library Date acquired Source of acquisition Cost, normal purchase price Inventory number Total checkouts Full call number Barcode Date last seen Price effective from Koha item type
        Integrated Law Course library Integrated Law Course library 9-09-24 Singhal Publications 1595.00 2702 dt.09-09-2024   Y Q7 IL1863721 2025-05-06 2025-05-06 Textbook
        Integrated Law Course library Integrated Law Course library 9-09-24 Singhal Publications 1595.00 2702 dt.09-09-2024   Y Q7 IL1863722 2025-05-06 2025-05-06 Textbook
        Integrated Law Course library Integrated Law Course library 9-09-24 Singhal Publications 1595.00 2702 dt.09-09-2024   Y Q7 IL1863723 2025-05-06 2025-05-06 Textbook
        Integrated Law Course library Integrated Law Course library 9-09-24 Singhal Publications 1595.00 2702 dt.09-09-2024   Y Q7 IL1863724 2025-05-06 2025-05-06 Textbook
        Integrated Law Course library Integrated Law Course library 9-09-24 Singhal Publications 1595.00 2702 dt.09-09-2024   Y Q7 IL1863725 2025-05-06 2025-05-06 Textbook
        Integrated Law Course library Integrated Law Course library 9-09-24 Singhal Publications 1595.00 2702 dt.09-09-2024   Y Q7 IL1863726 2025-05-06 2025-05-06 Textbook
        Integrated Law Course library Integrated Law Course library 9-09-24 Singhal Publications 1595.00 2702 dt.09-09-2024   Y Q7 IL1863727 2025-05-06 2025-05-06 Textbook
        Integrated Law Course library Integrated Law Course library 9-09-24 Singhal Publications 1595.00 2702 dt.09-09-2024   Y Q7 IL1863728 2025-05-06 2025-05-06 Textbook
        Integrated Law Course library Integrated Law Course library 9-09-24 Singhal Publications 1595.00 2702 dt.09-09-2024   Y Q7 IL1863729 2025-05-06 2025-05-06 Textbook
        Integrated Law Course library Integrated Law Course library 9-09-24 Singhal Publications 1595.00 2702 dt.09-09-2024   Y Q7 IL1863730 2025-05-06 2025-05-06 Textbook
        Integrated Law Course library Integrated Law Course library 9-09-24 Singhal Publications 1595.00 2702 dt.09-09-2024   Y Q7 IL1863731 2025-05-06 2025-05-06 Textbook
        Integrated Law Course library Integrated Law Course library 9-09-24 Singhal Publications 1595.00 2702 dt.09-09-2024   Y Q7 IL1863732 2025-05-06 2025-05-06 Textbook
        Integrated Law Course library Integrated Law Course library 9-09-24 Singhal Publications 1595.00 2702 dt.09-09-2024   Y Q7 IL1863733 2025-05-06 2025-05-06 Textbook
        Integrated Law Course library Integrated Law Course library 9-09-24 Singhal Publications 1595.00 2702 dt.09-09-2024   Y Q7 IL1863734 2025-05-06 2025-05-06 Textbook
        Integrated Law Course library Integrated Law Course library 9-09-24 Singhal Publications 1595.00 2702 dt.09-09-2024   Y Q7 IL1863735 2025-05-06 2025-05-06 Textbook
        Integrated Law Course library Integrated Law Course library 9-09-24 Singhal Publications 1595.00 2702 dt.09-09-2024   Y Q7 IL1863736 2025-05-06 2025-05-06 Textbook
        Integrated Law Course library Integrated Law Course library 9-09-24 Singhal Publications 1595.00 2702 dt.09-09-2024   Y Q7 IL1863737 2025-05-06 2025-05-06 Textbook
        Integrated Law Course library Integrated Law Course library 9-09-24 Singhal Publications 1595.00 2702 dt.09-09-2024   Y Q7 IL1863738 2025-05-06 2025-05-06 Textbook
        Integrated Law Course library Integrated Law Course library 9-09-24 Singhal Publications 1595.00 2702 dt.09-09-2024   Y Q7 IL1863739 2025-05-06 2025-05-06 Textbook
        Integrated Law Course library Integrated Law Course library 9-09-24 Singhal Publications 1595.00 2702 dt.09-09-2024   Y Q7 IL1863740 2025-05-06 2025-05-06 Textbook
Copyright @ Delhi University Library System